|
|
|
|
| LEADER |
00760nab a2200205 i 4500 |
| 001 |
acta30681 |
| 005 |
20231110145407.0 |
| 008 |
161017s2013 hu o 0|| hun d |
| 022 |
|
|
|a 0324-6523
|
| 040 |
|
|
|a SZTE Egyetemi Kiadványok Repozitórium
|b hun
|
| 041 |
|
|
|a hun
|
| 100 |
1 |
|
|a Szondi Ildikó
|
| 245 |
1 |
0 |
|a Délvidék
|h [elektronikus dokumentum] /
|c Szondi Ildikó
|
| 260 |
|
|
|a Szegedi Tudományegyetem Állam- és Jogtudományi Kar
|b Szeged
|c 2013
|
| 300 |
|
|
|a 649-667
|
| 490 |
0 |
|
|a Acta Universitatis Szegediensis : acta juridica et politica
|v 75
|
| 650 |
|
4 |
|a Bölcsészettudományok
|
| 650 |
|
4 |
|a Történettudomány és régészet
|
| 695 |
|
|
|a Délvidék története
|
| 856 |
4 |
0 |
|u http://acta.bibl.u-szeged.hu/30681/1/juridpol_075_649-667.pdf
|z Dokumentum-elérés
|